000 01003cam a2200301 i 4500
001 33651
003 Mx-PuUPA
005 20221019145306.0
008 140415s1982 mx gr 000 0 spa d
020 _a9684293534
040 _aMx-PuUPA
_bspa
_cMx-PuUPA
_dMx-PuUPA
_erda
041 0 _aspa
100 1 _aNuncio, Abraham,
_eautor
245 1 3 _aEl grupo Monterrey /
_cAbraham Nuncio
250 _aPrimera edición
264 1 _aMéxico, D.F. :
_bEditorial Nueva Imagen,
_c©1982
300 _a329 páginas, 1 hoja plegada sin numerar ;
_c20 cm
336 _2rdacontent
_atexto
_btxt
337 _2rdamedia
_asin medio
_bn
338 _2rdacarrier
_avolumen
_bnc
490 0 _aTestimonios
650 7 _aEmpresas
_2armarc
942 _2ddc
_h338.7
_cLI
_iN972
999 _c33651
_d33651